000 01103nam a22002537a 4500
005 20160213020003.0
008 130504q2011 ck ao gr 00010 spa d
020 _a9789588317717
041 0 _aspa
044 _ack
082 0 4 _a580.986
_bC26p
100 1 _aCárdenas López, Dairon.
_91034
245 1 0 _aPlantas introducidas, establecidas e invasoras en Amazonía colombiana /
_cDairon Cárdenas López, Nicolás Castaño Arboleda, Juliana Cárdenas-Toro.
260 _aBogotá
_bInstituto Amazónico de Investigaciones Científicas. Sinchi :
_bMinisterio de Ambiente y Desarrollo Sostenible,
_c2011.
300 _a154 p. :
_bil. ;
_c24 cm.
505 _aIncluye lista de especies introducidas en a región Amazónica (p. 141-154).
650 4 _aPlantas nocivas
_z Amazonía (Región, Colombia)
_91035
650 4 _aPlantas invasivas
_z Amazonía (Región, Colombia)
_91036
650 4 _aEspecies introducidas
_z Amazonía (Región, Colombia)
_91037
700 1 _aCastaño Arboleda, Nicolás.
_9544
700 1 _aCárdenas-Toro, Juliana.
_91038
942 _2ddc
_cIMPRESO
_01
949 _a
999 _c7471
_d7471